000 00994nam a2200301 a 4500
001 26098
003 BD-RjUL
005 20211209050954.0
008 140320t19701968enk b 000 1 eng d
020 _a004808008X
035 _a(BD-RjUL)26168
040 _aLC
_beng
_cLC
_dBD-RjUL
041 1 _aengita
082 0 0 _a853.914
_bARN 1970
100 1 _aArtom, Guido.
_980203
245 1 0 _aNapoleon is dead in Russia /
_cGuido Artom; translated by Muriel Grindrod.
260 _aLondon :
_bAllen & Unwin,
_cc1968 [1970].
300 _a256 p. ;
_c23 cm.
504 _aIncludes bibliographical references.
600 1 0 _aMalet, Claude Francois de,
_d1754-1812
_xFiction.
_980208
651 0 _aFrance
_xHistory
_yConsulate and First Empire, 1799-1815
_xFiction.
_980205
655 7 _aBiographical fiction.
_2gsafd
_980209
655 7 _aHistorical fiction.
_2lcsh
_980210
942 _2ddc
_cBK
999 _c26098
_d26098